Statistiken für Top-10-Singles von Silbermond

Klicken Sie hier um das Quiz zu spielen!

Allgemein

  • Dieses Quiz wurde 46 mal gespielt
  • Das Durchschnittsergebnis liegt bei 3 aus 8

Antwortstatistiken

ErscheinungsjahrTitel% Korrekt
2004Symphonie
78%
2006Das Beste
75%
2009Irgendwas bleibt
50%
2009Krieger des Lichts
38%
2012Himmel auf
30%
2006Unendlich
25%
2008Bis zum Schluss (feat. Curse)
15%
2014Do They Know It’s Christmas? (Band Aid 30 Germany)
3%

Verteilung der Resultate

Perzentil nach korrekt beantworteten Fragen

Anzahl Personen mit jedem Resultat

Ihre Resultats-Entwicklung

Sie haben dieses Quiz noch nicht gespielt